[Event "Bled op-B"]
[Site "Bled"]
[Date "1998.??.??"]
[Round "4"]
[White "Gomboc, Miha"]
[Black "Susnik, Matej"]
[Result "1-0"]
[WhiteElo "2075"]
[BlackElo "2235"]

1.e4 c5 2.Nf3 Nc6 3.d4 cxd4 4.Nxd4 e6 5.Nc3 Qc7 6.g3 a6 7.Bg2 Nf6 8.O-O d6
9.Nce2 Be7 10.b3 O-O 11.Bb2 Bd7 12.c4 Rac8 13.Qd2 Nxd4 14.Nxd4 b5 15.cxb5 axb5
16.Rfc1 Qb8 17.Ba3 Rxc1+ 18.Rxc1 Rc8 19.e5 Rxc1+ 20.Qxc1 Ne8 21.Bc6 Qc7 22.Bxd7 Qxd7
23.Qc6 Qxc6 24.Nxc6 Bf8 25.Na7 dxe5 26.Bxf8 Kxf8 27.Nxb5 Ke7 28.Kf1 Kd7 29.Ke2 Kc6
30.a4 Kc5 31.Kd3 Nf6 32.Nc3 Kb4 33.Ne4 Nd7 34.Kc2 f5 35.Nc3 Nc5 36.Na2+ Ka3
37.Nc1 Ne4 38.Nd3 Nd6 39.Nxe5 Kb4 40.Nd3+ Ka5 41.Nc5 e5 42.Kc3 e4 43.b4+ Kb6
44.Ne6 g6 45.Nd4 Nf7 46.a5+ Ka6 47.Kb3 Ne5 48.Ka4 Nd3 49.b5+ Kb7 50.b6 Ka6
51.Nc2 Nc5+ 52.Kb4 Nd3+ 53.Kc4 Kxa5 54.b7 Ne5+ 55.Kd5 Nd7 56.Kd6 Nb8 57.Kc7 Na6+
58.Kc8 g5 59.b8=Q Nxb8 60.Kxb8 Kb6 61.Kc8 Kc5 62.Kd7 Kd5 63.Ke7 Ke5 64.Kf7 f4
65.g4 e3 66.Nxe3 Ke4 67.Kf6 fxe3 68.fxe3 Kxe3 69.Kxg5 Kf3 70.Kf5 Kg2 71.h4 Kh3
72.Kg5 Kg3 73.h5 Kh3 74.h6  1-0

[Event "Bled op"]
[Site "Bled"]
[Date "1998.??.??"]
[Round "6"]
[White "Turner, Jan"]
[Black "Ankerst, Mihael"]
[Result "1/2-1/2"]
[WhiteElo "2300"]
[BlackElo "2360"]

1.e4 c5 2.Nf3 e6 3.Nc3 Nc6 4.d4 cxd4 5.Nxd4 Nf6 6.Ndb5 d6 7.Bf4 e5 8.Nd5 Nxd5
9.exd5 exf4 10.dxc6 bxc6 11.Qf3 Qb6 12.Qxf4 Rb8 13.Nxd6+ Bxd6 14.Qxd6 Qxb2
15.Rd1 Qb4+ 16.Qxb4 Rxb4 17.Bd3 Be6 18.Kd2 Ke7 19.Rb1 Rhb8 20.c3 Rb2+ 21.Kc1 R2b6
22.Re1 Kd6 23.Re2 Rxb1+ 24.Bxb1 Rb5 25.Rd2+ Ke7 26.Be4 Ra5 27.Kb1 Rc5 28.Kb2 Rb5+
29.Kc1 Ra5 30.Kb1 Rh5 31.h3 Rb5+ 32.Kc1 Ra5 33.Kb1 Rc5 34.Kb2 Rb5+ 35.Kc1 Ra5
36.Kb1 Rc5 37.Kb2 h5 38.h4 Rb5+ 39.Kc1 Ra5 40.Bxc6 Bxa2 41.Rd4 Be6 42.Ra4 Rxa4
43.Bxa4 Kd6 44.Kd2 Kc5 45.Bd1 g6 46.f3 a5 47.g4 f6 48.gxh5 gxh5 49.f4 Bf7
50.Kc2 a4 51.Kb2 Be8 52.Be2 Bg6 53.Bd1 Be8 54.Be2 Bg6 55.Bd1 Be8 56.Be2 Kd5
57.Bf3+ Kc4 58.Be2+ Kc5 59.Bd1  1/2-1/2

[Event "Bled op"]
[Site "Bled"]
[Date "1998.??.??"]
[Round "6"]
[White "Fercec, Nenad"]
[Black "Kogan, Artur"]
[Result "1-0"]
[WhiteElo "2455"]
[BlackElo "2505"]

1.e4 c5 2.Nf3 e6 3.d4 cxd4 4.Nxd4 Nc6 5.Nc3 Qc7 6.Be2 a6 7.O-O Nf6 8.Kh1 Nxd4
9.Qxd4 Bc5 10.Qd3 h5 11.f4 Ng4 12.e5 d5 13.exd6 Qxd6 14.Qxd6 Bxd6 15.Ne4 Bc7
16.h3 Bb6 17.c4 f5 18.c5 fxe4 19.cxb6 Nf6 20.Be3 Bd7 21.Bd4 Rc8 22.Rac1 Kf7
23.Rc7 Rxc7 24.bxc7 Nd5 25.Be5 h4 26.Rd1 Bc6 27.Bh5+ Ke7 28.Bxg7 Rc8 29.Bh6 Rxc7
30.Bg5+ Kd6 31.Bg6 e3 32.Re1 Bb5 33.Be4 e2 34.a4 Bc4 35.Bf3 Ne3 36.Bxh4 Nc2
37.Rc1 Nd4 38.Bg4 Kd5 39.Bf2 Rf7 40.g3 Bd3 41.Kg1 e5 42.Rc8 Re7 43.fxe5 Ke4
44.Rd8 Nc2 45.Bf3+ Kxf3 46.Rxd3+ Ke4 47.Rd2 e1=R+ 48.Bxe1 Nxe1 49.Re2+ Kf3
50.Rxe1 Kxg3 51.Re3+ Kf4 52.Kf2 Re6 53.b4 Kf5 54.h4 Kg6 55.Kg3 Kf7 56.h5 Rc6
57.e6+ Ke7 58.Kf4 Rc4+ 59.Re4 Rc1 60.Kg5 Rg1+ 61.Rg4 Rh1 62.h6 Kxe6 63.Kg6 Rc1
64.h7 Rc4 65.Rxc4  1-0

[Event "Bled op"]
[Site "Bled"]
[Date "1998.??.??"]
[Round "8"]
[White "Podkriznik, Gregor"]
[Black "Drei, Andrea"]
[Result "0-1"]
[WhiteElo "2330"]
[BlackElo "2320"]

1.e4 c5 2.Nf3 Nc6 3.d4 cxd4 4.Nxd4 e6 5.Nc3 Nf6 6.Ndb5 d6 7.Bf4 e5 8.Bg5 a6
9.Na3 b5 10.Bxf6 gxf6 11.Nd5 f5 12.c3 Bg7 13.exf5 Bxf5 14.Nc2 O-O 15.Nce3 Be6
16.Bd3 f5 17.Bc2 Rb8 18.Qh5 Qd7 19.g4 Bxd5 20.Nxd5 e4 21.Ne3 b4 22.Nxf5 Rxf5
23.gxf5 bxc3 24.b3 Nd4 25.O-O-O d5 26.Rhg1 Kh8 27.Rg6 Qe7 28.Rxa6 Nxc2 29.Kxc2 d4
30.f6 Bxf6 31.Qf5 d3+ 32.Rxd3 exd3+ 33.Qxd3 Rd8 34.Qe3 Rd2+ 35.Kc1 Qxe3 36.fxe3 Kg7
37.b4 Rxh2 38.b5 Bg5  0-1

[Event "Bled op-B"]
[Site "Bled"]
[Date "1998.??.??"]
[Round "9"]
[White "Zelenika, Srdjan"]
[Black "Anakiev, Dimitar"]
[Result "1-0"]
[WhiteElo "2260"]
[BlackElo "2065"]

1.e4 c5 2.Nf3 e6 3.d4 cxd4 4.Nxd4 Nc6 5.Nc3 Qc7 6.Be2 Nf6 7.O-O Be7 8.Be3 O-O
9.Kh1 a6 10.a4 b6 11.f4 d6 12.Nxc6 Qxc6 13.e5 Nd5 14.Nxd5 exd5 15.c4 dxe5
16.cxd5 Qd6 17.fxe5 Qxe5 18.Bf4 Qxb2 19.Rb1 Qa2 20.d6 Bd8 21.Bf3 Ra7 22.Bd5 Qa3
23.Rf3 Qc5 24.Rc1  1-0

[Event "Cupa Dinamo"]
[Site "Brasov"]
[Date "1998.??.??"]
[Round "10"]
[White "Moldovan, Daniel"]
[Black "Ardeleanu, Alin"]
[Result "1-0"]
[WhiteElo "2420"]
[BlackElo "2420"]

1.e4 c5 2.Nc3 Nc6 3.Nge2 e6 4.d4 cxd4 5.Nxd4 Qc7 6.f4 a6 7.Be2 Bc5 8.Nb3 Ba7
9.Bd3 b5 10.e5 d6 11.exd6 Qxd6 12.Ne4 Qd5 13.Bd2 Nge7 14.Qe2 Nd4 15.Nxd4 Bxd4
16.c3 Bb6 17.Nf6+ gxf6 18.Be4 Qc5 19.Bxa8 O-O 20.O-O-O Bd7 21.Be4 f5 22.Bc2 Rc8
23.Kb1 b4 24.Be3 Qxe3 25.Qxe3 Bxe3 26.Rxd7 Nd5 27.cxb4 Nxf4 28.g3 Ng6 29.Rd6 Rb8
30.a3 a5 31.bxa5 Ne5 32.Rhd1 Kg7 33.Rd8 Rb5 34.b4 Bg5 35.Rc8  1-0

[Event "Doprastav op"]
[Site "Bratislava"]
[Date "1998.??.??"]
[Round "9"]
[White "Sulek, Viliam"]
[Black "Szabo, Jozef"]
[Result "1-0"]
[WhiteElo "2285"]
[BlackElo "1955"]

1.e4 c5 2.Nf3 e6 3.d4 cxd4 4.Nxd4 Nc6 5.Nc3 a6 6.Be2 Qc7 7.Be3 Nf6 8.O-O Ne5
9.f4 Nc4 10.Bxc4 Qxc4 11.Qf3 Bc5 12.Rad1 O-O 13.Rd3 Ba7 14.e5 Ne8 15.b3 Qc7
16.Qg3 b5 17.Ne4 Bb7 18.Ng5 h6 19.Ngf3 Bxf3 20.Rxf3 Bxd4 21.Rxd4 Qxc2 22.Rxd7 Qb1+
23.Rf1 Qxa2 24.Bc5 Rc8 25.Bxf8 Kxf8 26.f5 exf5 27.e6 f6 28.Qg6 Kg8 29.Re7  1-0

[Event "Bratto op"]
[Site "Bratto"]
[Date "1998.??.??"]
[Round "?"]
[White "Gofshtein, Leonid D"]
[Black "Borgo, Giulio"]
[Result "0-1"]
[WhiteElo "2520"]
[BlackElo "2430"]

1.e4 c5 2.Nf3 e6 3.d4 cxd4 4.Nxd4 Nc6 5.Nc3 a6 6.f4 Qc7 7.Nxc6 bxc6 8.Bd3 d5
9.O-O Nf6 10.Kh1 Be7 11.e5 Nd7 12.Na4 Nc5 13.Nxc5 Bxc5 14.c4 O-O 15.cxd5 cxd5
16.Qc2 g6 17.Be3 Bb6 18.Qxc7 Bxc7 19.Rac1 Bd8 20.Bc5 Re8 21.b4 Bd7 22.a4 Be7
23.Bxe7 Rxe7 24.Rc7 Kf8 25.Ra1 Rb8 26.Bxa6 Rxb4 27.a5 Bb5 28.Rxe7 Kxe7 29.Bxb5 Rxb5
30.a6 Rb8 31.g4 Ra8 32.Kg2 Kd7 33.Ra3 Kc6 34.Rh3 Rxa6 35.Rxh7 d4 36.Rxf7 Kd5
37.h4 Ke4 38.h5 gxh5 39.gxh5 d3 40.h6 d2 41.Rd7 Ke3 42.f5 exf5 43.h7 Rg6+
44.Kf1 Rh6 45.e6 Rxh7 46.e7 Rh8 47.Rd6 f4 48.Kg1 Re8 49.Re6+ Kf3  0-1

[Event "Bratto op"]
[Site "Bratto"]
[Date "1998.??.??"]
[Round "?"]
[White "Lantini, Marco"]
[Black "Mione, Dario"]
[Result "1/2-1/2"]
[WhiteElo "2180"]
[BlackElo "2300"]

1.e4 c5 2.Nf3 e6 3.d4 cxd4 4.Nxd4 Nc6 5.Nc3 a6 6.Be3 Nge7 7.Nb3 b5 8.Qd2 Na5
9.O-O-O Nxb3+ 10.axb3 Nc6 11.f4 Qa5 12.Kb1 Bb4 13.Qf2 Rb8  1/2-1/2

[Event "Bratto op"]
[Site "Bratto"]
[Date "1998.??.??"]
[Round "?"]
[White "Giretti, Kanev J"]
[Black "Borgo, Giulio"]
[Result "0-1"]
[WhiteElo "2140"]
[BlackElo "2430"]

1.e4 c5 2.Nf3 e6 3.d4 cxd4 4.Nxd4 Nc6 5.Nc3 Qc7 6.g3 a6 7.Bg2 Nge7 8.Nb3 d6
9.a4 Bd7 10.f4 g6 11.Be3 Bg7 12.Qd2 Nc8 13.f5 Nb6 14.f6 Bxf6 15.Qf2 Bd8 16.O-O Ne5
17.Bh6 Nbc4 18.Nd2 Qb6 19.Nxc4 Nxc4 20.b3 Qxf2+ 21.Rxf2 Ne5 22.Bg7 Rg8 23.Bxe5 dxe5
24.Kf1 Bb6 25.Rd2 Ke7 26.Na2 Rac8 27.Rad1 Rgd8 28.c4 Bd4 29.Rd3 b5 30.cxb5 axb5
31.a5 b4 32.Ke1 Bb5 33.R3d2 Rc3 34.Rb1 Re3+ 35.Kd1 Be2+ 36.Kc1 Rc8+ 37.Rc2 Rxc2+
38.Kxc2 Bd3+ 39.Kc1 Re1+ 40.Kd2 Rxb1 41.Kxd3 Rxb3+ 42.Kc4 Rb2 43.Nxb4 Rxg2
44.a6 Kd6  0-1

[Event "Bratto op"]
[Site "Bratto"]
[Date "1998.??.??"]
[Round "?"]
[White "Ori, Marco"]
[Black "Lanzani, Mario"]
[Result "0-1"]
[WhiteElo "2090"]
[BlackElo "2375"]

1.e4 c5 2.Nf3 Nc6 3.d4 cxd4 4.Nxd4 e6 5.Nc3 Qc7 6.Be2 a6 7.O-O Nf6 8.Be3 Be7
9.f4 d6 10.a4 O-O 11.Kh1 Re8 12.Bf3 Rb8 13.Qe1 Bd7 14.Nb3 Nb4 15.Qf2 b6 16.Rad1 Bc6
17.Nd4 Ba8 18.Rd2 g6 19.Nde2 e5 20.fxe5 dxe5 21.Ng3 Bf8 22.Be2 Bg7 23.Bg5 Re6
24.Rfd1 h6 25.Bxf6 Rxf6 26.Bf3 Re6 27.Bg4 Rf6 28.Bf3 Re8 29.Nf1 Bf8 30.Rd7 Qc5
31.Qd2 Bc6 32.Rd8 Rxd8 33.Qxd8 Kg7 34.Qd2 Rd6 35.Qe2 Rxd1 36.Qxd1 Qd4 37.Qc1 Bc5
38.Ng3 Nxc2 39.Nge2 Qf2 40.h3 Ne1  0-1

[Event "Bratto op"]
[Site "Bratto"]
[Date "1998.??.??"]
[Round "?"]
[White "Pagnoncelli, Marco"]
[Black "Sbarra, Marco"]
[Result "0-1"]
[WhiteElo "2125"]
[BlackElo "2245"]

1.e4 c5 2.Nf3 Nc6 3.d4 cxd4 4.Nxd4 e6 5.Nc3 Qc7 6.Be3 a6 7.g3 b5 8.Nxc6 Qxc6
9.Bg2 Bb7 10.O-O Rc8 11.Rc1 Ne7 12.f4 Ng6 13.Rf2 Bc5 14.e5 Qb6 15.Bxc5 Rxc5
16.Ne4 Bxe4 17.Bxe4 O-O 18.Qxd7 Rc4 19.Qb7 Qe3 20.Rf1 Qxe4 21.Qxa6 Rxc2 22.Qxb5 Rxf2
23.Kxf2 Rc8 24.Re1 Rc2+ 25.Re2 Qd4+ 26.Kg2 Rxe2+ 27.Qxe2 Qd5+ 28.Kh3 Qxa2
29.Qb5 h5 30.Qe8+ Kh7 31.Qxf7 Qb1 32.Qb7 Qf1+ 33.Qg2 Qd3 34.Qf2 Ne7 35.Kg2 Nf5
36.Qf3 Ne3+ 37.Kh3 Qf5+ 38.Kh4 Ng2+  0-1

[Event "Wch-09 blind "]
[Site "Brno"]
[Date "1998.??.??"]
[Round "4"]
[White "Bjerring, Kai"]
[Black "Draganov, Ruslan"]
[Result "1-0"]
[WhiteElo "2345"]
[BlackElo "2225"]

1.e4 c5 2.Nf3 Nc6 3.Nc3 e6 4.d4 cxd4 5.Nxd4 Nf6 6.Nxc6 bxc6 7.e5 Nd5 8.Ne4 Qc7
9.f4 c5 10.c4 Nb4 11.a3 Qc6 12.Nc3 Na6 13.Be2 Bb7 14.Bf3 Qb6 15.O-O Rd8 16.f5 Nb8
17.Bg5 Rc8 18.Nb5 Ba6 19.Bh5 exf5 20.Nd6+ Bxd6 21.Bxf7+ Kf8 22.exd6 g6 23.Qd5 Kg7
24.Qe5+ Kxf7 25.Qf6+ Kg8 26.Bh6  1-0

[Event "Bucharest Cup GM"]
[Site "Bucharest"]
[Date "1998.??.??"]
[Round "?"]
[White "Brajovic, Radovan"]
[Black "Vajda, Albert"]
[Result "0-1"]
[WhiteElo "2320"]
[BlackElo "2350"]

1.e4 c5 2.Nf3 e6 3.d4 cxd4 4.Nxd4 Nc6 5.Nc3 Qc7 6.Be3 Nf6 7.f4 Bb4 8.Nb5 Qa5
9.e5 Ne4 10.Qd3 Nxc3 11.bxc3 Be7 12.g4 O-O 13.g5 b6 14.Rg1 Ba6 15.Bd2 Qa4
16.Qc4 Qxc4 17.Bxc4 Na5 18.Bd3 Bxb5 19.Bxb5 d5 20.Bd3 g6 21.Rg3 Rfc8 22.Ke2 Nc4
23.h4 Rc7 24.h5 Rac8 25.Rh1 Nxd2 26.Kxd2 Rxc3 27.Rgh3 Bb4 28.Ke2 R8c7 29.Rb1 Bf8
30.Rb3 R3c5 31.Rh1 Ra5 32.Ra1 Ra4 33.Kf3 Rc5 34.hxg6 hxg6 35.Bb5 Rd4 36.Bd3 Ra5
37.Bb5 a6 38.Be2 Bc5 39.Rh1 Rxa2 40.Bd3 Rb4 41.Rxb4 Bxb4 42.c4 Ra3 43.Ke2 dxc4
44.Bxc4 b5 45.Bd3 Bc3 46.Rd1 Ra2+ 47.Ke3 Rb2 48.Be2 a5 49.Rd8+ Kg7 50.Rb8 Bd2+
51.Kf3  0-1

[Event "Bucharest Fest IM"]
[Site "Bucharest"]
[Date "1998.??.??"]
[Round "?"]
[White "Popescu, Cristian"]
[Black "Brajovic, Radovan"]
[Result "0-1"]
[WhiteElo "2300"]
[BlackElo "2320"]

1.e4 c5 2.Nf3 e6 3.d4 cxd4 4.Nxd4 Nc6 5.Nc3 Qc7 6.g3 a6 7.Bg2 Nf6 8.O-O Bc5
9.Nb3 Be7 10.Re1 d6 11.a4 b6 12.Nd4 Bb7 13.Nxc6 Bxc6 14.Bg5 O-O 15.Qe2 h6
16.Bf4 e5 17.Bd2 Qb7 18.b4 b5 19.a5 Rfe8 20.Rad1 Rac8 21.g4 Bd7 22.h3 Rc4
23.Nd5 Nxd5 24.exd5 f5 25.gxf5 Bxf5 26.c3 Rf8 27.f4 Bf6 28.Qh5 Qd7 29.Bf1 Rcc8
30.fxe5 Bxe5 31.Rxe5 dxe5 32.c4 bxc4 33.Bc3 Qa7+  0-1

[Event "Bucharest Fest IM (Women)"]
[Site "Bucharest"]
[Date "1998.??.??"]
[Round "?"]
[White "Kalinina, Vladislava"]
[Black "Berechet, Otiliu"]
[Result "1-0"]
[WhiteElo "2165"]
[BlackElo "2220"]

1.e4 c5 2.Nf3 e6 3.d4 cxd4 4.Nxd4 Nc6 5.Nc3 Qc7 6.Be3 a6 7.a4 Bb4 8.Nxc6 Qxc6
9.Qd4 Bxc3+ 10.bxc3 Nf6 11.Bd3 b5 12.axb5 axb5 13.O-O Rxa1 14.Rxa1 O-O 15.Bg5 Ng4
16.h3 f6 17.Bf4 e5 18.Qb4 Bb7 19.Bd2 Nh6 20.c4 f5 21.cxb5 Qf6 22.Bc4+ Nf7
23.Ra7 Rb8 24.Qb3 fxe4 25.Be3 Kf8 26.Bxf7 Qxf7 27.Qa3+ Ke8 28.Rxb7 Rxb7 29.Qa8+ Ke7
30.Qxb7 Qc4 31.b6 Qxc2 32.Qc7 Qb1+  1-0

[Event "Bucharest Fest IM"]
[Site "Bucharest"]
[Date "1998.??.??"]
[Round "?"]
[White "Moraru, Marius"]
[Black "Brajovic, Radovan"]
[Result "1-0"]
[WhiteElo "2420"]
[BlackElo "2320"]

1.e4 c5 2.Nf3 e6 3.d4 cxd4 4.Nxd4 Nc6 5.Nc3 Qc7 6.Be2 a6 7.O-O Nf6 8.Be3 Bb4
9.Na4 Be7 10.Nxc6 bxc6 11.Nb6 Rb8 12.Nxc8 Qxc8 13.e5 Nd5 14.Bd4 c5 15.c4 Nf4
16.Bc3 Nxe2+ 17.Qxe2 O-O 18.Rad1 Qc6 19.Rd3 f5 20.Rfd1 Rb7 21.Qd2 Kf7 22.b3 h6
23.Ba5 Ke8 24.Qe2 g6 25.f3 f4 26.Rd6 Bxd6 27.exd6 Rf5 28.Qb2 e5 29.Bc3 Kd8
30.Bxe5 Kc8 31.Bxf4 Rb8 32.Bxh6 Kb7 33.Qg7 Re8 34.Qxg6 Rfe5 35.Qc2 Re2 36.Rd2 Re1+
37.Kf2 Rh1 38.f4 Ree1 39.Qd3 Kb6 40.Qd5 Qc8 41.b4 Rhf1+ 42.Kg3 cxb4 43.Rb2 Qc5
44.Qa8 a5 45.Qd8+ Ka6 46.Qxd7 Qxc4 47.Qd8 Re6 48.Qa8+ Kb6 49.Qb8+ Ka6 50.d7 Rg6+
51.Kh4 Rd1 52.Qc8+ Kb5 53.a4+  1-0

[Event "Bucharest Fest GM (Women)"]
[Site "Bucharest"]
[Date "1998.??.??"]
[Round "?"]
[White "Baciu Ionescu, Otilia"]
[Black "Zatonskih, Anna"]
[Result "0-1"]
[WhiteElo "2185"]
[BlackElo "2320"]

1.e4 c5 2.Nf3 e6 3.d4 cxd4 4.Nxd4 Nc6 5.Nc3 Nf6 6.Nxc6 bxc6 7.e5 Nd5 8.Ne4 Qc7
9.f4 Qb6 10.c4 Bb4+ 11.Ke2 f5 12.Nf2 Nc7 13.Nd3 Be7 14.Be3 Qb8 15.Qb3 a5
16.Kf3 Na6 17.Be2 Bb7 18.Kg3 O-O 19.h4 c5 20.Rad1 Qc7 21.h5 Be4 22.Nf2 Bc6
23.Nd3 d5 24.exd6 Bxd6 25.Qc3 Be4 26.h6 gxh6  0-1

[Event "Bucharest Fest GM (Women)"]
[Site "Bucharest"]
[Date "1998.??.??"]
[Round "?"]
[White "Zatonskih, Anna"]
[Black "Berechet, Otiliu"]
[Result "1/2-1/2"]
[WhiteElo "2320"]
[BlackElo "2220"]

1.e4 c5 2.Nf3 e6 3.d4 cxd4 4.Nxd4 Nc6 5.Nc3 Qc7 6.Be2 a6 7.Be3 b5 8.Nxc6 Qxc6
9.e5 Bb7 10.Bf3 Qc7 11.Bxb7 Qxb7 12.Qd3 Bb4 13.O-O-O Bxc3 14.Qxc3 Rc8 15.Qd2 Ne7
16.Kb1 Nd5 17.h4 b4 18.Qd4 Qb5 19.Qg4 Rg8 20.Rd3 Rc4 21.Bd4 a5 22.g3 Nc3+
23.Ka1 Nxa2 24.Qd1 Nc3 25.Bxc3 bxc3 26.Rxc3 Rxc3 27.bxc3 Qxe5 28.Qd4 Qxd4
29.cxd4 Ke7 30.Kb2 Ra8 31.Ra1 a4 32.c4 f6 33.Kc3 e5 34.Ra3 exd4+ 35.Kxd4 Kd6
36.f4 h5 37.c5+ Kc6 38.Kc4 Ra5 39.Kb4 Rxc5 40.Rxa4 Rc1  1/2-1/2

[Event "Primavara"]
[Site "Bucharest"]
[Date "1998.??.??"]
[Round "15"]
[White "Nisipeanu, Liviu Dieter"]
[Black "Marianovici, S."]
[Result "0-1"]
[WhiteElo "2610"]
[BlackElo "2420"]

1.e4 c5 2.Nf3 e6 3.Nc3 Nc6 4.d4 cxd4 5.Nxd4 Qc7 6.f4 a6 7.Be2 b5 8.Nxc6 Qxc6
9.Bf3 Bb7 10.a3 Rc8 11.Be3 Qc4 12.Qd3 Nf6 13.O-O Bc5 14.Rad1 h5 15.Bxc5 Qxc5+
16.Kh1 e5 17.Be2 O-O 18.fxe5 Qxe5 19.Rf5 Qe6 20.Bf3 Rfe8 21.e5 Bxf3 22.gxf3 Rc5
23.Re1 d6 24.Rxf6 gxf6 25.Rg1+ Kf8 26.exd6 Rg5 27.Ne4 Rxg1+ 28.Kxg1 h4 29.Kf2 Qe5
30.Qe3 Kg7 31.d7 Rd8 32.Nc5 Qxh2+ 33.Kf1 Rxd7 34.Nxd7 Qh3+ 35.Kg1 Qxd7 36.Kg2 Qc7
37.Qf2 Qf4 38.Kh3 Kg6 39.Qg2+ Kh5 40.b3 f5 41.Qf2 a5 42.c3 f6 43.Kg2 Qc1
44.Qc5 Kg5 45.Qd4 Qe1 46.Qd3 Qg3+ 47.Kh1 Qf2 48.Qd1 h3  0-1

[Event "Budapest FS07 IM-B"]
[Site "Budapest"]
[Date "1998.??.??"]
[Round "4"]
[White "Andrijevic, Milan"]
[Black "Ishbulatov, Sagit"]
[Result "1-0"]
[WhiteElo "2345"]
[BlackElo "2250"]

1.e4 c5 2.Nf3 e6 3.d4 cxd4 4.Nxd4 Nc6 5.Nc3 Qc7 6.Be2 a6 7.O-O Nf6 8.Kh1 Be7
9.f4 d6 10.Be3 Nxd4 11.Bxd4 e5 12.Be3 exf4 13.Bxf4 Be6 14.Nd5 Bxd5 15.exd5 Qc5
16.c4 O-O 17.Bd3 Rfe8 18.Qd2 a5 19.Be3 Qc7 20.Qf2 Bd8 21.Bd4 Qc8 22.h3 Qc7
23.Bxf6 Bxf6 24.Qf5 Qd8 25.Qxh7+ Kf8 26.Rae1 Re5 27.Rxe5 Bxe5 28.Bg6 Bf6
29.Bf5 Qe8 30.Qh8+ Ke7 31.Re1+ Be5 32.Qxg7 Kd8 33.Qh7 Qe7 34.c5 Kc7 35.cxd6+ Kxd6
36.Qh6+ Qf6 37.Qe3 Ra6 38.Bd3 Bf4 39.Qf2  1-0

[Event "Budapest FS07 IM-B"]
[Site "Budapest"]
[Date "1998.??.??"]
[Round "6"]
[White "Kiss, Gedeon"]
[Black "Ishbulatov, Sagit"]
[Result "1-0"]
[WhiteElo "2235"]
[BlackElo "2250"]

1.e4 c5 2.Nf3 e6 3.d4 cxd4 4.Nxd4 Nc6 5.Nc3 Qc7 6.Be3 a6 7.Be2 Nf6 8.O-O Be7
9.f4 d6 10.a4 O-O 11.Kh1 Re8 12.Bf3 Nxd4 13.Qxd4 e5 14.Qd2 exf4 15.Bxf4 Be6
16.Rad1 Rad8 17.Qf2 Nd7 18.Nd5 Bxd5 19.Rxd5 Nf6 20.Rd4 Bf8 21.Qd2 Rd7 22.Rd1 Qc5
23.c4 a5 24.b3 Re6 25.h3 Qb6 26.Qc3 Qc5 27.Bh2 Rc7 28.Qd3 Qb4 29.c5 Qxc5
30.Rc4 Qb6 31.Bg1 Rc5 32.Bxc5 dxc5 33.Rcc1 g6 34.Qd8 Qxd8 35.Rxd8 Kg7 36.Re1 Re5
37.Rb8 Ne8 38.Rxb7 Nd6 39.Ra7 c4 40.bxc4 Nxc4 41.Rc1 Nd6 42.Rcc7 Kg8 43.Rd7 Kg7
44.Ra8 Be7 45.Ra6 Nc4 46.Rc6 Nb2 47.Rb7 Nxa4 48.Rc4 Bb4 49.Rcc7 Nc5 50.Rxf7+ Kh6
51.Rxh7+ Kg5 52.Rbf7 Be1 53.Kh2 Nxe4 54.h4+ Bxh4 55.Rxh4 Kxh4 56.Rf4+ Kg5
57.Rxe4 Rc5 58.Kg3 Kf5 59.Rf4+ Kg5 60.Rd4 Kh6 61.Rd5 Rc4 62.Rxa5 Rb4 63.Re5 Kg7
64.Re4 Rb5 65.Kg4 Rh5 66.Rb4 Rc5 67.Be4 Rc1 68.Kf4 Rf1+ 69.Kg5 Rf2 70.Rb7+  1-0

[Event "Cannes op"]
[Site "Cannes"]
[Date "1998.??.??"]
[Round "1"]
[White "Manolov, Ivan"]
[Black "Marciano, David"]
[Result "1/2-1/2"]
[WhiteElo "2365"]
[BlackElo "2485"]

1.e4 c5 2.Nf3 e6 3.d4 cxd4 4.Nxd4 Nc6 5.Nc3 Qc7 6.g3 a6 7.Bg2 d6 8.O-O Nf6
9.Re1 Rb8 10.Nxc6 bxc6 11.e5 dxe5 12.Rxe5 Bd6 13.Re1 O-O 14.Na4 c5 15.c4 Bd7
16.Nc3 Rfe8 17.Qe2 h6  1/2-1/2

[Event "Cannes op"]
[Site "Cannes"]
[Date "1998.??.??"]
[Round "2"]
[White "Lamoureux, Charles"]
[Black "Macieja, Bartlomiej"]
[Result "1-0"]
[WhiteElo "2370"]
[BlackElo "2485"]

1.e4 c5 2.Nf3 e6 3.d4 cxd4 4.Nxd4 Nc6 5.Nc3 Qc7 6.Be2 a6 7.O-O Nf6 8.Be3 Bb4
9.Na4 Be7 10.c4 Nxe4 11.c5 O-O 12.Rc1 Rd8 13.Bf3 Ng5 14.Be2 f5 15.Nb6 Rb8
16.Nxf5 exf5 17.Nd5 Qe5 18.f4 Nh3+ 19.gxh3 Qe6 20.Bf2 Qh6 21.Nxe7+ Nxe7 22.Qd6 Qg6+
23.Kh1 Nc6 24.Bc4+ Kh8 25.Qxg6 hxg6 26.Rcd1 Na5 27.Bd5 b5 28.cxb6 Bb7 29.b3 Nc6
30.Rfe1 Nb4 31.Bxb7 Rxb7 32.Rd6 Nxa2 33.Bd4 Nb4 34.Re7 Rg8 35.Rdxd7 Rxd7
36.Rxd7 Nc6 37.Bc3 Kh7 38.Rc7 Nb8 39.b7 Rd8 40.Rc8 Rd1+ 41.Kg2 Rd3 42.Be5 Nd7
43.b8=Q  1-0

[Event "Cannes op"]
[Site "Cannes"]
[Date "1998.??.??"]
[Round "5"]
[White "Manolov, Ivan"]
[Black "Doghri, Nabil"]
[Result "1/2-1/2"]
[WhiteElo "2365"]
[BlackElo "2350"]

1.e4 c5 2.Nf3 e6 3.d4 cxd4 4.Nxd4 Nc6 5.Nc3 Nf6 6.Ndb5 d6 7.Bf4 e5 8.Bg5 a6
9.Na3 b5 10.Nd5 Be7 11.Bxf6 Bxf6 12.c3 O-O 13.Nc2 Rb8 14.Be2 Bg5 15.O-O Be6
16.Nce3 Bxe3 17.Nxe3 Ne7 18.Bf3 Qc7 19.Qd2 a5 20.Rfd1 Rfd8 21.h3 a4 22.Bg4 Qc6
23.Qd3 Qc5 24.Rd2 h6 25.Rad1 Bxa2 26.Re1 Bb3 27.g3 Ra8 28.Be2 Rab8 29.Bd1 Be6
30.Bg4 b4 31.Bxe6 fxe6 32.Ra1 bxc3 33.Qxc3 Qb4 34.Qc2 Rbc8 35.Qd1 Ra8 36.Rc1 Ra7
37.Rc4 Qb8 38.Rxa4 Rxa4 39.Qxa4 d5 40.Qd1 d4 41.Nc4 Qb5 42.b3 Ng6 43.Rd3 Rf8
44.h4 Rf6 45.Qa1 h5 46.Qd1 Qb4 47.Nd2 Qb5 48.Rf3 Rxf3 49.Qxf3 Qb4 50.Nf1 Nf8
51.Qxh5 Qxb3 52.Qxe5 d3 53.Qd4 Qd1 54.Kg2 Qe2 55.Qc4 Kh7 56.Ne3 Ng6 57.Qb5 e5
58.Qa6 Nf4+ 59.gxf4 exf4 60.h5 fxe3 61.Qg6+  1/2-1/2

[Event "Cannes op"]
[Site "Cannes"]
[Date "1998.??.??"]
[Round "6"]
[White "Fressinet, Laurent"]
[Black "Macieja, Bartlomiej"]
[Result "1-0"]
[WhiteElo "2450"]
[BlackElo "2485"]

1.e4 c5 2.Nf3 e6 3.d4 cxd4 4.Nxd4 Nc6 5.Nc3 Qc7 6.Be3 a6 7.Bd3 b5 8.O-O Bb7
9.Nxc6 Qxc6 10.f4 Nf6 11.a3 h5 12.h3 Bc5 13.Qf3 Rc8 14.Kh1 Bxe3 15.Qxe3 d5
16.exd5 Nxd5 17.Nxd5 Qxd5 18.Qg3 g6 19.Rae1 h4 20.Qg4 Kf8 21.Re5 Qd4 22.Qg5 Qd8
23.Qg4 Qf6 24.Rfe1 Rd8 25.Rc5 Rd7 26.b4 Kg7 27.Bxg6 Kf8 28.Bd3 Rd5 29.Rc7 Rg8
30.Qe2 Rd7 31.Rxd7 Bxg2+ 32.Qxg2 Rxg2 33.Kxg2 Qxf4 34.Rxf7+  1-0

[Event "Cappelle op"]
[Site "Cappelle la Grande"]
[Date "1998.??.??"]
[Round "3"]
[White "Sahu, Sekhar Chandra"]
[Black "Hall, Jesper"]
[Result "0-1"]
[WhiteElo "2280"]
[BlackElo "2460"]

1.e4 c5 2.Nf3 Nc6 3.d4 cxd4 4.Nxd4 e6 5.Nc3 d6 6.Bb5 Bd7 7.O-O Nf6 8.Re1 Be7
9.Ba4 O-O 10.Nxc6 bxc6 11.e5 dxe5 12.Rxe5 Nd5 13.Ne4 f6 14.Rh5 Nb6 15.c3 Nxa4
16.Qxa4 e5 17.Qc4+ Kh8 18.Be3 Qe8 19.Qe2 Qg6 20.Rh4 f5 21.Nc5 Bxh4 22.Nxd7 Rfe8
23.Re1 Rad8 24.Nc5 Bf6 25.f3 Bg5 26.b4 Bxe3+ 27.Qxe3 h6 28.Nb3 e4 29.Kf2 Rd3
30.Qc1 exf3 31.Rxe8+ Qxe8 32.gxf3 Qe5  0-1

[Event "Cesenatico op"]
[Site "Cesenatico"]
[Date "1998.??.??"]
[Round "8"]
[White "Gagliardi, Pietro"]
[Black "Drei, Andrea"]
[Result "0-1"]
[WhiteElo "2185"]
[BlackElo "2320"]

1.e4 c5 2.Nf3 e6 3.d4 cxd4 4.Nxd4 Nc6 5.Nc3 Qc7 6.Be3 a6 7.Bd3 Nf6 8.O-O Ne5
9.h3 Bc5 10.a4 O-O 11.Be2 d6 12.Bg5 Bd7 13.Nb3 Ba7 14.Qd2 Bc6 15.Bxf6 gxf6
16.Qh6 Qe7 17.Kh1 Kh8 18.f4 Nd7 19.Bd3 Rg8 20.Na5 Nc5 21.Nxc6 bxc6 22.e5 Nxd3
23.exd6 Qd8 24.cxd3 f5 25.Qh5 Rg6 26.Ne2 Qxd6 27.Qf3 Rag8 28.g3 Rb8 29.Rac1 c5
30.Rc2 Rgg8 31.Rd1 Rgd8 32.Kg2 Rb4 33.Qh5 Qe7 34.Nc3 Qb7+ 35.Qf3 Rxb2 36.Qxb7 Rxb7
37.Kf3 Rd4 38.Ke2 Rb3 39.Nb1 Rxa4 40.Nd2 Rb7 41.Nc4 Kg7 42.Rcc1 Bb8 43.Ra1 Rxa1
44.Rxa1 Ra7 45.Ra5 Bc7 46.Rxc5 a5 47.Rb5 a4 48.Rb2 Kf6 49.d4 Ke7 50.Ra2 Kd7
51.Nb2 a3 52.Nc4 Bd6 53.Kd3 f6 54.Ne3 Rb7 55.Kc2 Kc6 56.d5+ exd5 57.Nxf5 Bc5
58.g4 Rb4 59.Rxa3 Rxf4 60.Ra6+ Kb5 61.Rxf6 Kc4 62.Nd6+ Bxd6 63.Rxd6 Rf2+
64.Kd1 d4 65.Rh6 Kd3 66.Ke1 Re2+ 67.Kf1 Re7 68.h4 Kd2 69.Kf2 Rf7+ 70.Kg3 Rd7
71.g5 d3 72.h5 Ke3 73.Re6+ Kd4 74.Re1 d2 75.Rd1 Ke3 76.Kg4 Rd4+ 77.Kf5 Rf4+
78.Ke6 Rh4 79.h6 Rd4 80.Rh1 Ke2 81.g6 hxg6 82.h7 Rd8 83.Ke7 Rh8 84.Rh2+ Kd3
85.Rh3+ Kc2  0-1

[Event "Ceske Budejovice op"]
[Site "Ceske Budejovice"]
[Date "1998.??.??"]
[Round "?"]
[White "Solodovnichenko, Yuri"]
[Black "Lymar, Vladimir"]
[Result "1-0"]
[WhiteElo "2415"]
[BlackElo "2295"]

1.e4 c5 2.Nf3 e6 3.d4 cxd4 4.Nxd4 Nc6 5.Nc3 Qc7 6.Be3 a6 7.Bd3 Nf6 8.O-O Ne5
9.h3 Bc5 10.f4 Nxd3 11.Qxd3 d6 12.Nb3 Bxe3+ 13.Qxe3 O-O 14.a4 b6 15.Rad1 Bb7
16.Rd3 Rfd8 17.Rfd1 Bc6 18.Nd4 Be8 19.f5 e5 20.Nde2 b5 21.g4 b4 22.g5 bxc3
23.gxf6 Qa7 24.Qxa7 Rxa7 25.Nxc3 gxf6 26.Rxd6 Rxd6 27.Rxd6 Kg7 28.a5 Bb5
29.Nd5 Kh6 30.Kf2 Kg5 31.Kg3  1-0

[Event "Chania op"]
[Site "Chania"]
[Date "1998.??.??"]
[Round "3"]
[White "Zvan, Ziga"]
[Black "Zahariev, Zahari"]
[Result "1/2-1/2"]
[WhiteElo "2095"]
[BlackElo "2415"]

1.e4 c5 2.Nf3 Nc6 3.d4 cxd4 4.Nxd4 e6 5.Nc3 d6 6.Be2 Nf6 7.Be3 Be7 8.O-O O-O
9.f4 Bd7 10.Qe1 Nxd4 11.Bxd4 Bc6 12.Bf3 Nd7 13.Rd1 Qc7 14.Qg3 e5 15.fxe5 dxe5
16.Be3 Bc5 17.Bxc5 Nxc5 18.Nd5 Bxd5 19.Rxd5 f6 20.Rfd1 Rad8 21.Qf2 Rxd5 22.Rxd5 b6
23.Qd2 g6 24.b4 Ne6 25.Rd7 Rd8 26.Bg4 Qxd7 27.Qxd7 Rxd7 28.Bxe6+ Rf7 29.Kf2 h5
30.c4 Kf8 31.Bxf7 Kxf7 32.Kf3 f5 33.h3 Ke6 34.g4  1/2-1/2